000 00306nam a22001337a 4500
008 181018b xxu||||| |||| 00| 0 eng d
020 _a9781934691175
041 _aeng
080 _a321
100 _a31
101 _apol
245 _aIndigenous Right StruGies In Ecuador
_cJames.p
942 _2udc
_cBK
999 _c50159
_d50159